東京都の公立小学校・義務教育学校 - Statistics

General Stats
  • This quiz has been taken 10 times
  • The average score is 123 of 1265
Answer Stats
市区町村 学校名 % Correct
世田谷区 桜小学校
57%
大島町 | 豊島区 さくら小学校
57%
三鷹市 | 八王子市 | 国分寺市 | +7 others 第一小学校
57%
三鷹市 | 八王子市 | 国分寺市 | +7 others 第二小学校
57%
三鷹市 | 八王子市 | 国分寺市 | +7 others 第三小学校
57%
三鷹市 | 八王子市 | 国分寺市 | +5 others 第四小学校
57%
三鷹市 | 八王子市 | 国分寺市 | +5 others 第五小学校
57%
三鷹市 | 八王子市 | 国分寺市 | +5 others 第七小学校
57%
八王子市 | 国分寺市 | 東大和市 | +2 others 第八小学校
57%
八王子市 | 国分寺市 | 東久留米市 | +3 others 第九小学校
57%
八王子市 | 国分寺市 | 東久留米市 | +3 others 第十小学校
57%
三鷹市 | 国分寺市 | 東久留米市 | +3 others 第六小学校
57%
小金井市 | 昭島市 | 西東京市 | 青梅市 東小学校
57%
中央区 日本橋小学校
43%
江東区 有明小学校
43%
品川区 日野学園
43%
大田区 | 調布市 多摩川小学校
43%
世田谷区 用賀小学校
43%
世田谷区 下北沢小学校
43%
練馬区 大泉小学校
43%
小金井市 | 西東京市 本町小学校
43%
小金井市 南小学校
43%
西東京市 田無小学校
43%
西東京市 保谷小学校
43%
西東京市 保谷第二小学校
43%
千代田区 九段小学校
29%
千代田区 | 東村山市 | 羽村市 富士見小学校
29%
中央区 中央小学校
29%
港区 芝小学校
29%
北区 | 港区 赤羽小学校
29%
港区 白金小学校
29%
港区 青山小学校
29%
港区 赤坂小学校
29%
新宿区 早稲田小学校
29%
府中市 | 新宿区 四谷小学校
29%
文京区 大塚小学校
29%
文京区 本郷小学校
29%
台東区 浅草小学校
29%
台東区 富士小学校
29%
台東区 上野小学校
29%
墨田区 | 小金井市 | 板橋区 緑小学校
29%
墨田区 錦糸小学校
29%
墨田区 押上小学校
29%
江東区 豊洲小学校
29%
品川区 台場小学校
29%
品川区 品川学園
29%
大田区 田園調布小学校
29%
大田区 羽田小学校
29%
大田区 蒲田小学校
29%
大田区 | 葛飾区 新宿小学校
29%
世田谷区 若林小学校
29%
世田谷区 世田谷小学校
29%
世田谷区 駒沢小学校
29%
世田谷区 松原小学校
29%
世田谷区 上北沢小学校
29%
世田谷区 経堂小学校
29%
世田谷区 | 町田市 山崎小学校
29%
世田谷区 深沢小学校
29%
世田谷区 二子玉川小学校
29%
世田谷区 | 北区 八幡小学校
29%
世田谷区 桜町小学校
29%
世田谷区 等々力小学校
29%
世田谷区 祖師谷小学校
29%
世田谷区 砧小学校
29%
世田谷区 八幡山小学校
29%
世田谷区 芦花小学校
29%
世田谷区 船橋小学校
29%
世田谷区 千歳小学校
29%
世田谷区 喜多見小学校
29%
中野区 | 西東京市 谷戸小学校
29%
杉並区 高井戸小学校
29%
杉並区 方南小学校
29%
豊島区 長崎小学校
29%
北区 王子小学校
29%
北区 十条小学校
29%
板橋区 志村小学校
29%
三鷹市 | 板橋区 | 葛飾区 北野小学校
29%
練馬区 練馬小学校
29%
練馬区 石神井小学校
29%
練馬区 大泉南小学校
29%
練馬区 大泉東小学校
29%
練馬区 大泉学園小学校
29%
足立区 綾瀬小学校
29%
足立区 青井小学校
29%
府中市 | 葛飾区 | 西東京市 住吉小学校
29%
日の出町 | 江戸川区 平井小学校
29%
江戸川区 船堀小学校
29%
江戸川区 葛西小学校
29%
江戸川区 一之江小学校
29%
青梅市 河辺小学校
29%
町田市 町田第一小学校
29%
町田市 町田第二小学校
29%
町田市 町田第三小学校
29%
町田市 町田第四小学校
29%
町田市 町田第五小学校
29%
町田市 町田第六小学校
29%
町田市 小川小学校
29%
町田市 金井小学校
29%
町田市 三輪小学校
29%
小平市 小平第一小学校
29%
小平市 小平第二小学校
29%
小平市 小平第三小学校
29%
小平市 小平第四小学校
29%
小平市 小平第五小学校
29%
小平市 小平第六小学校
29%
小平市 小平第七小学校
29%
小平市 小平第八小学校
29%
小平市 小平第九小学校
29%
小平市 小平第十小学校
29%
小平市 小平第十一小学校
29%
小平市 花小金井小学校
29%
日野市 豊田小学校
29%
清瀬市 清瀬小学校
29%
あきる野市 五日市小学校
29%
千代田区 麹町小学校
14%
千代田区 千代田小学校
14%
中央区 久松小学校
14%
中央区 佃島小学校
14%
中央区 月島第一小学校
14%
中央区 月島第二小学校
14%
中央区 月島第三小学校
14%
中央区 豊海小学校
14%
港区 芝浦小学校
14%
港区 高輪台小学校
14%
新宿区 市谷小学校
14%
新宿区 大久保小学校
14%
文京区 根津小学校
14%
文京区 千駄木小学校
14%
文京区 昭和小学校
14%
台東区 大正小学校
14%
台東区 田原小学校
14%
台東区 平成小学校
14%
台東区 蔵前小学校
14%
墨田区 外手小学校
14%
墨田区 両国小学校
14%
墨田区 菊川小学校
14%
江東区 明治小学校
14%
江東区 深川小学校
14%
江東区 辰巳小学校
14%
江東区 東雲小学校
14%
江東区 | 立川市 南砂小学校
14%
江東区 有明西学園
14%
品川区 御殿山小学校
14%
品川区 大井第一小学校
14%
品川区 立会小学校
14%
品川区 伊藤小学校
14%
品川区 鈴ヶ森小学校
14%
品川区 中延小学校
14%
品川区 | 東久留米市 | 町田市 小山小学校
14%
品川区 大原小学校
14%
品川区 戸越小学校
14%
品川区 伊藤学園
14%
品川区 八潮学園
14%
品川区 豊葉の杜学園
14%
目黒区 碑小学校
14%
目黒区 中目黒小学校
14%
目黒区 大岡山小学校
14%
目黒区 駒場小学校
14%
目黒区 不動小学校
14%
大田区 大森第一小学校
14%
大田区 大森第三小学校
14%
大田区 馬込小学校
14%
大田区 池上小学校
14%
大田区 雪谷小学校
14%
大田区 高畑小学校
14%
大田区 志茂田小学校
14%
大田区 道塚小学校
14%
世田谷区 三宿小学校
14%
世田谷区 旭小学校
14%
世田谷区 駒繋小学校
14%
世田谷区 代田小学校
14%
世田谷区 三軒茶屋小学校
14%
世田谷区 赤堤小学校
14%
世田谷区 池尻小学校
14%
世田谷区 奥沢小学校
14%
世田谷区 尾山台小学校
14%
世田谷区 東深沢小学校
14%
世田谷区 瀬田小学校
14%
世田谷区 中町小学校
14%
世田谷区 玉堤小学校
14%
世田谷区 烏山小学校
14%
世田谷区 砧南小学校
14%
渋谷区 上原小学校
14%
渋谷区 笹塚小学校
14%
中野区 江古田小学校
14%
中野区 中野第一小学校
14%
杉並区 杉並第一小学校
14%
杉並区 杉並第二小学校
14%
杉並区 杉並第三小学校
14%
杉並区 杉並第六小学校
14%
杉並区 杉並第七小学校
14%
杉並区 杉並第九小学校
14%
杉並区 杉並第十小学校
14%
杉並区 荻窪小学校
14%
杉並区 井荻小学校
14%
杉並区 松庵小学校
14%
杉並区 浜田山小学校
14%
杉並区 久我山小学校
14%
杉並区 天沼小学校
14%
杉並区 永福小学校
14%
杉並区 高円寺小学校
14%
豊島区 駒込小学校
14%
豊島区 巣鴨小学校
14%
豊島区 西巣鴨小学校
14%
豊島区 朝日小学校
14%
豊島区 目白小学校
14%
豊島区 椎名町小学校
14%
練馬区 | 豊島区 高松小学校
14%
豊島区 池袋小学校
14%
北区 東十条小学校
14%
北区 浮間小学校
14%
北区 西ケ原小学校
14%
北区 袋小学校
14%
荒川区 赤土小学校
14%
板橋区 舟渡小学校
14%
板橋区 板橋第一小学校
14%
板橋区 板橋第二小学校
14%
板橋区 板橋第四小学校
14%
板橋区 板橋第五小学校
14%
板橋区 板橋第六小学校
14%
板橋区 板橋第七小学校
14%
板橋区 板橋第八小学校
14%
板橋区 板橋第十小学校
14%
板橋区 赤塚小学校
14%
板橋区 成増小学校
14%
練馬区 小竹小学校
14%
練馬区 中村小学校
14%
練馬区 仲町小学校
14%
練馬区 練馬第二小学校
14%
東村山市 | 練馬区 八坂小学校
14%
練馬区 石神井東小学校
14%
練馬区 石神井西小学校
14%
練馬区 上石神井小学校
14%
練馬区 下石神井小学校
14%
練馬区 大泉西小学校
14%
練馬区 大泉北小学校
14%
練馬区 練馬第三小学校
14%
練馬区 春日小学校
14%
足立区 西新井小学校
14%
江戸川区 | 足立区 新田小学校
14%
足立区 舎人小学校
14%
足立区 千寿小学校
14%
足立区 足立小学校
14%
葛飾区 高砂小学校
14%
葛飾区 金町小学校
14%
葛飾区 末広小学校
14%
葛飾区 柴又小学校
14%
葛飾区 青戸小学校
14%
葛飾区 よつぎ小学校
14%
江戸川区 船堀第二小学校
14%
江戸川区 瑞江小学校
14%
江戸川区 篠崎小学校
14%
江戸川区 鎌田小学校
14%
江戸川区 小岩小学校
14%
江戸川区 南葛西小学校
14%
江戸川区 西葛西小学校
14%
江戸川区 東葛西小学校
14%
八王子市 長沼小学校
14%
八王子市 浅川小学校
14%
八王子市 小宮小学校
14%
八王子市 松が谷小学校
14%
八王子市 南大沢小学校
14%
八王子市 七国小学校
14%
八王子市 緑が丘小学校
14%
稲城市 | 立川市 若葉台小学校
14%
武蔵野市 大野田小学校
14%
武蔵野市 境南小学校
14%
三鷹市 南浦小学校
14%
三鷹市 | 西東京市 中原小学校
14%
三鷹市 羽沢小学校
14%
府中市 | 青梅市 新町小学校
14%
府中市 白糸台小学校
14%
昭島市 中神小学校
14%
昭島市 拝島第一小学校
14%
昭島市 拝島第二小学校
14%
昭島市 拝島第三小学校
14%
昭島市 | 羽村市 武蔵野小学校
14%
調布市 石原小学校
14%
調布市 若葉小学校
14%
調布市 飛田給小学校
14%
調布市 国領小学校
14%
町田市 南第一小学校
14%
町田市 南第三小学校
14%
町田市 南第四小学校
14%
町田市 鶴川第一小学校
14%
町田市 鶴川第二小学校
14%
町田市 鶴川第三小学校
14%
町田市 鶴川第四小学校
14%
町田市 忠生小学校
14%
町田市 小山田小学校
14%
町田市 忠生第三小学校
14%
町田市 つくし野小学校
14%
町田市 藤の台小学校
14%
町田市 南大谷小学校
14%
町田市 成瀬台小学校
14%
町田市 鶴間小学校
14%
町田市 南つくし野小学校
14%
町田市 大戸小学校
14%
町田市 小山田南小学校
14%
町田市 木曽境川小学校
14%
町田市 七国山小学校
14%
町田市 小山ヶ丘小学校
14%
町田市 小山中央小学校
14%
町田市 本町田ひなた小学校
14%
町田市 成瀬小学校
14%
小金井市 小金井第一小学校
14%
小金井市 小金井第二小学校
14%
小金井市 小金井第三小学校
14%
小金井市 小金井第四小学校
14%
小平市 小平第十二小学校
14%
小平市 小平第十三小学校
14%
小平市 小平第十四小学校
14%
小平市 小平第十五小学校
14%
小平市 鈴木小学校
14%
日野市 日野第一小学校
14%
日野市 日野第三小学校
14%
日野市 日野第四小学校
14%
日野市 日野第五小学校
14%
日野市 日野第六小学校
14%
日野市 平山小学校
14%
日野市 日野第八小学校
14%
日野市 日野第七小学校
14%
日野市 南平小学校
14%
東村山市 秋津小学校
14%
東村山市 萩山小学校
14%
東村山市 久米川小学校
14%
東村山市 青葉小学校
14%
国立市 国立第一小学校
14%
国立市 国立第二小学校
14%
国立市 国立第三小学校
14%
国立市 国立第四小学校
14%
国立市 国立第五小学校
14%
国立市 国立第六小学校
14%
国立市 国立第七小学校
14%
国立市 国立第八小学校
14%
福生市 福生第一小学校
14%
福生市 福生第二小学校
14%
福生市 福生第三小学校
14%
福生市 福生第四小学校
14%
福生市 福生第五小学校
14%
福生市 福生第六小学校
14%
福生市 福生第七小学校
14%
狛江市 狛江第一小学校
14%
狛江市 狛江第三小学校
14%
狛江市 狛江第五小学校
14%
狛江市 狛江第六小学校
14%
清瀬市 清瀬第三小学校
14%
清瀬市 清瀬第四小学校
14%
清瀬市 清瀬第六小学校
14%
清瀬市 清瀬第七小学校
14%
清瀬市 清瀬第八小学校
14%
清瀬市 清瀬第十小学校
14%
多摩市 多摩第一小学校
14%
多摩市 多摩第二小学校
14%
多摩市 多摩第三小学校
14%
多摩市 永山小学校
14%
稲城市 稲城第一小学校
14%
稲城市 稲城第二小学校
14%
稲城市 稲城第三小学校
14%
稲城市 稲城第四小学校
14%
西東京市 芝久保小学校
14%
西東京市 谷戸第二小学校
14%
西東京市 保谷第一小学校
14%
西東京市 東伏見小学校
14%
西東京市 碧山小学校
14%
西東京市 けやき小学校
14%
瑞穂町 瑞穂第一小学校
14%
瑞穂町 瑞穂第二小学校
14%
瑞穂町 瑞穂第三小学校
14%
瑞穂町 瑞穂第四小学校
14%
瑞穂町 瑞穂第五小学校
14%
日の出町 大久野小学校
14%
檜原村 檜原小学校
14%
利島村 利島小中学校
14%
新島村 新島小学校
14%
神津島村 神津小学校
14%
三宅村 三宅小学校
14%
御蔵島村 御蔵島小学校
14%
青ヶ島村 青ヶ島小学校
14%
小笠原村 小笠原小学校
14%
小笠原村 母島小中学校
14%
千代田区 番町小学校
0%
千代田区 お茶の水小学校
0%
千代田区 昌平小学校
0%
千代田区 | 狛江市 和泉小学校
0%
中央区 城東小学校
0%
中央区 泰明小学校
0%
中央区 明石小学校
0%
世田谷区 | 中央区 明正小学校
0%
中央区 常盤小学校
0%
中央区 有馬小学校
0%
中央区 阪本小学校
0%
中央区 京橋築地小学校
0%
中央区 晴海西小学校
0%
港区 港南小学校
0%
港区 麻布小学校
0%
港区 | 稲城市 南山小学校
0%
東久留米市 | 港区 本村小学校
0%
港区 笄小学校
0%
港区 東町小学校
0%
港区 青南小学校
0%
港区 御成門小学校
0%
港区 港陽小学校
0%
港区 御田小学校
0%
港区 白金の丘小学校
0%
港区 芝浜小学校
0%
新宿区 津久戸小学校
0%
新宿区 | 江戸川区 江戸川小学校
0%
新宿区 愛日小学校
0%
新宿区 鶴巻小学校
0%
新宿区 牛込仲之小学校
0%
新宿区 富久小学校
0%
新宿区 余丁町小学校
0%
新宿区 東戸山小学校
0%
新宿区 四谷第六小学校
0%
新宿区 天神小学校
0%
新宿区 戸山小学校
0%
新宿区 戸塚第一小学校
0%
新宿区 戸塚第二小学校
0%
新宿区 戸塚第三小学校
0%
新宿区 落合第一小学校
0%
新宿区 落合第二小学校
0%
新宿区 落合第三小学校
0%
新宿区 落合第四小学校
0%
新宿区 落合第五小学校
0%
新宿区 落合第六小学校
0%
新宿区 淀橋第四小学校
0%
新宿区 西戸山小学校
0%
新宿区 花園小学校
0%
八王子市 | 新宿区 柏木小学校
0%
新宿区 西新宿小学校
0%
文京区 礫川小学校
0%
文京区 柳町小学校
0%
文京区 指ヶ谷小学校
0%
文京区 林町小学校
0%
文京区 明化小学校
0%
文京区 青柳小学校
0%
文京区 関口台町小学校
0%
文京区 小日向台町小学校
0%
文京区 金富小学校
0%
文京区 窪町小学校
0%
文京区 湯島小学校
0%
文京区 誠之小学校
0%
文京区 汐見小学校
0%
文京区 駒本小学校
0%
文京区 駕籠町小学校
0%
台東区 根岸小学校
0%
台東区 東泉小学校
0%
台東区 忍岡小学校
0%
台東区 谷中小学校
0%
台東区 金曾木小学校
0%
台東区 黒門小学校
0%
台東区 松葉小学校
0%
台東区 千束小学校
0%
台東区 石浜小学校
0%
台東区 金竜小学校
0%
台東区 台東育英小学校
0%
台東区 東浅草小学校
0%
墨田区 二葉小学校
0%
墨田区 中和小学校
0%
墨田区 言問小学校
0%
墨田区 小梅小学校
0%
墨田区 柳島小学校
0%
墨田区 業平小学校
0%
八王子市 | 墨田区 横川小学校
0%
墨田区 第三吾嬬小学校
0%
墨田区 第四吾嬬小学校
0%
墨田区 第一寺島小学校
0%
墨田区 第二寺島小学校
0%
墨田区 第三寺島小学校
0%
墨田区 曳舟小学校
0%
墨田区 | 足立区 中川小学校
0%
墨田区 東吾嬬小学校
0%
墨田区 八広小学校
0%
墨田区 隅田小学校
0%
墨田区 立花吾嬬の森小学校
0%
墨田区 梅若小学校
0%
江東区 八名川小学校
0%
江戸川区 | 江東区 臨海小学校
0%
江東区 数矢小学校
0%
江東区 平久小学校
0%
江東区 東陽小学校
0%
江東区 川南小学校
0%
江東区 扇橋小学校
0%
江東区 元加賀小学校
0%
江東区 毛利小学校
0%
江東区 東川小学校
0%
江東区 枝川小学校
0%
江東区 第一亀戸小学校
0%
江東区 第二亀戸小学校
0%
江東区 香取小学校
0%
江東区 水神小学校
0%
江東区 第一大島小学校
0%
江東区 第二大島小学校
0%
江東区 第三大島小学校
0%
江東区 第四大島小学校
0%
江東区 第五大島小学校
0%
江東区 砂町小学校
0%
江東区 第三砂町小学校
0%
江東区 第四砂町小学校
0%
江東区 第五砂町小学校
0%
江東区 第六砂町小学校
0%
江東区 第七砂町小学校
0%
江東区 小名木川小学校
0%
江東区 第二辰巳小学校
0%
江東区 東砂小学校
0%
江東区 南陽小学校
0%
江東区 北砂小学校
0%
江東区 亀高小学校
0%
江東区 越中島小学校
0%
江東区 浅間竪川小学校
0%
江東区 第二砂町小学校
0%
江東区 豊洲北小学校
0%
江東区 大島南央小学校
0%
江東区 豊洲西小学校
0%
品川区 城南小学校
0%
品川区 浅間台小学校
0%
品川区 三木小学校
0%
品川区 城南第二小学校
0%
品川区 第一日野小学校
0%
品川区 芳水小学校
0%
品川区 第三日野小学校
0%
品川区 第四日野小学校
0%
品川区 鮫浜小学校
0%
品川区 山中小学校
0%
品川区 浜川小学校
0%
品川区 京陽小学校
0%
品川区 延山小学校
0%
品川区 | 目黒区 宮前小学校
0%
品川区 源氏前小学校
0%
品川区 第二延山小学校
0%
品川区 後地小学校
0%
品川区 旗台小学校
0%
品川区 上神明小学校
0%
品川区 清水台小学校
0%
品川区 小山台小学校
0%
品川区 荏原平塚学園
0%
目黒区 八雲小学校
0%
目黒区 菅刈小学校
0%
目黒区 下目黒小学校
0%
目黒区 油面小学校
0%
目黒区 烏森小学校
0%
板橋区 | 目黒区 向原小学校
0%
目黒区 五本木小学校
0%
目黒区 鷹番小学校
0%
目黒区 田道小学校
0%
目黒区 月光原小学校
0%
目黒区 | 調布市 緑ヶ丘小学校
0%
目黒区 原町小学校
0%
目黒区 上目黒小学校
0%
目黒区 東根小学校
0%
目黒区 中根小学校
0%
目黒区 東山小学校
0%
大田区 大森第四小学校
0%
大田区 中富小学校
0%
大田区 大森第五小学校
0%
大田区 入新井第五小学校
0%
大田区 入新井第一小学校
0%
大田区 山王小学校
0%
大田区 馬込第二小学校
0%
大田区 馬込第三小学校
0%
大田区 | 葛飾区 梅田小学校
0%
大田区 池上第二小学校
0%
大田区 徳持小学校
0%
大田区 入新井第二小学校
0%
大田区 入新井第四小学校
0%
大田区 東調布第一小学校
0%
大田区 調布大塚小学校
0%
大田区 東調布第三小学校
0%
大田区 嶺町小学校
0%
大田区 千鳥小学校
0%
大田区 久原小学校
0%
大田区 松仙小学校
0%
大田区 池雪小学校
0%
大田区 小池小学校
0%
大田区 洗足池小学校
0%
大田区 赤松小学校
0%
大田区 清水窪小学校
0%
大田区 糀谷小学校
0%
大田区 東糀谷小学校
0%
大田区 北糀谷小学校
0%
大田区 都南小学校
0%
大田区 萩中小学校
0%
大田区 中萩中小学校
0%
大田区 出雲小学校
0%
大田区 六郷小学校
0%
大田区 西六郷小学校
0%
大田区 仲六郷小学校
0%
大田区 東六郷小学校
0%
大田区 矢口小学校
0%
大田区 矢口西小学校
0%
大田区 相生小学校
0%
大田区 矢口東小学校
0%
大田区 おなづか小学校
0%
大田区 南蒲小学校
0%
大田区 東蒲小学校
0%
大田区 大森東小学校
0%
大田区 南六郷小学校
0%
大田区 開桜小学校
0%
世田谷区 太子堂小学校
0%
世田谷区 桜丘小学校
0%
世田谷区 代沢小学校
0%
世田谷区 多聞小学校
0%
世田谷区 松沢小学校
0%
世田谷区 中里小学校
0%
世田谷区 池之上小学校
0%
世田谷区 弦巻小学校
0%
世田谷区 中丸小学校
0%
世田谷区 松丘小学校
0%
世田谷区 笹原小学校
0%
世田谷区 | 八王子市 | 稲城市 城山小学校
0%
世田谷区 | 昭島市 玉川小学校
0%
世田谷区 京西小学校
0%
世田谷区 東玉川小学校
0%
世田谷区 九品仏小学校
0%
世田谷区 塚戸小学校
0%
世田谷区 烏山北小学校
0%
世田谷区 給田小学校
0%
世田谷区 山野小学校
0%
世田谷区 武蔵丘小学校
0%
世田谷区 希望丘小学校
0%
世田谷区 千歳台小学校
0%
渋谷区 臨川小学校
0%
渋谷区 長谷戸小学校
0%
渋谷区 広尾小学校
0%
渋谷区 猿楽小学校
0%
渋谷区 加計塚小学校
0%
渋谷区 常磐松小学校
0%
渋谷区 幡代小学校
0%
渋谷区 西原小学校
0%
渋谷区 富谷小学校
0%
渋谷区 中幡小学校
0%
渋谷区 千駄谷小学校
0%
渋谷区 鳩森小学校
0%
渋谷区 神宮前小学校
0%
渋谷区 神南小学校
0%
渋谷区 渋谷本町学園小学校
0%
渋谷区 代々木山谷小学校
0%
中野区 桃園第二小学校
0%
中野区 塔山小学校
0%
中野区 中野本郷小学校
0%
中野区 啓明小学校
0%
中野区 | 練馬区 北原小学校
0%
中野区 江原小学校
0%
中野区 | 府中市 武蔵台小学校
0%
中野区 上鷺宮小学校
0%
中野区 桃花小学校
0%
中野区 白桜小学校
0%
中野区 平和の森小学校
0%
中野区 | 狛江市 緑野小学校
0%
中野区 | 東村山市 南台小学校
0%
中野区 みなみの小学校
0%
中野区 美鳩小学校
0%
中野区 令和小学校
0%
中野区 鷺の杜小学校
0%
杉並区 西田小学校
0%
杉並区 東田小学校
0%
杉並区 馬橋小学校
0%
杉並区 桃井第一小学校
0%
杉並区 桃井第二小学校
0%
杉並区 桃井第三小学校
0%
杉並区 桃井第四小学校
0%
杉並区 桃井第五小学校
0%
杉並区 四宮小学校
0%
杉並区 沓掛小学校
0%
杉並区 高井戸第二小学校
0%
杉並区 高井戸第三小学校
0%
杉並区 高井戸第四小学校
0%
昭島市 | 杉並区 富士見丘小学校
0%
杉並区 大宮小学校
0%
杉並区 堀之内小学校
0%
杉並区 和田小学校
0%
杉並区 済美小学校
0%
杉並区 八成小学校
0%
杉並区 三谷小学校
0%
杉並区 松ノ木小学校
0%
杉並区 高井戸東小学校
0%
杉並区 新泉和泉小学校
0%
豊島区 仰高小学校
0%
葛飾区 | 豊島区 清和小学校
0%
豊島区 豊成小学校
0%
豊島区 池袋第一小学校
0%
豊島区 池袋第三小学校
0%
豊島区 高南小学校
0%
板橋区 | 練馬区 | 調布市 | 豊島区 富士見台小学校
0%
豊島区 千早小学校
0%
豊島区 要小学校
0%
豊島区 南池袋小学校
0%
豊島区 朋有小学校
0%
豊島区 池袋本町小学校
0%
北区 王子第一小学校
0%
北区 王子第二小学校
0%
北区 王子第三小学校
0%
北区 王子第五小学校
0%
北区 豊川小学校
0%
北区 堀船小学校
0%
北区 柳田小学校
0%
北区 岩淵小学校
0%
北区 第四岩淵小学校
0%
北区 梅木小学校
0%
北区 西浮間小学校
0%
北区 赤羽台西小学校
0%
北区 滝野川小学校
0%
北区 滝野川第二小学校
0%
北区 滝野川第三小学校
0%
北区 滝野川第四小学校
0%
北区 滝野川第五小学校
0%
北区 谷端小学校
0%
北区 なでしこ小学校
0%
北区 桐ケ丘郷小学校
0%
北区 としま若葉小学校
0%
北区 田端小学校
0%
北区 西が丘小学校
0%
北区 滝野川もみじ小学校
0%
北区 都の北学園
0%
荒川区 瑞光小学校
0%
荒川区 第二瑞光小学校
0%
荒川区 第三瑞光小学校
0%
荒川区 第六瑞光小学校
0%
荒川区 第二峡田小学校
0%
荒川区 第三峡田小学校
0%
荒川区 第四峡田小学校
0%
荒川区 第五峡田小学校
0%
荒川区 第七峡田小学校
0%
荒川区 第九峡田小学校
0%
荒川区 尾久小学校
0%
荒川区 尾久西小学校
0%
荒川区 尾久第六小学校
0%
荒川区 大門小学校
0%
荒川区 尾久宮前小学校
0%
荒川区 第一日暮里小学校
0%
荒川区 第二日暮里小学校
0%
荒川区 第三日暮里小学校
0%
荒川区 第六日暮里小学校
0%
荒川区 ひぐらし小学校
0%
荒川区 峡田小学校
0%
荒川区 汐入小学校
0%
荒川区 汐入東小学校
0%
板橋区 志村第一小学校
0%
板橋区 志村第二小学校
0%
板橋区 志村第三小学校
0%
板橋区 志村第四小学校
0%
板橋区 志村第五小学校
0%
板橋区 志村第六小学校
0%
板橋区 前野小学校
0%
板橋区 中台小学校
0%
板橋区 蓮根小学校
0%
板橋区 志村坂下小学校
0%
板橋区 北前野小学校
0%
板橋区 若木小学校
0%
板橋区 金沢小学校
0%
板橋区 中根橋小学校
0%
板橋区 上板橋小学校
0%
板橋区 上板橋第二小学校
0%
板橋区 上板橋第四小学校
0%
板橋区 常盤台小学校
0%
板橋区 桜川小学校
0%
板橋区 | 足立区 弥生小学校
0%
板橋区 大谷口小学校
0%
板橋区 紅梅小学校
0%
板橋区 成増ヶ丘小学校
0%
板橋区 下赤塚小学校
0%
板橋区 徳丸小学校
0%
板橋区 三園小学校
0%
板橋区 高島第一小学校
0%
板橋区 高島第二小学校
0%
板橋区 高島第三小学校
0%
板橋区 高島第五小学校
0%
板橋区 新河岸小学校
0%
板橋区 蓮根第二小学校
0%
板橋区 赤塚新町小学校
0%
板橋区 高島第六小学校
0%
板橋区 加賀小学校
0%
練馬区 旭丘小学校
0%
練馬区 豊玉小学校
0%
練馬区 豊玉南小学校
0%
練馬区 豊玉第二小学校
0%
練馬区 豊玉東小学校
0%
練馬区 中村西小学校
0%
練馬区 開進第一小学校
0%
練馬区 開進第二小学校
0%
練馬区 開進第三小学校
0%
練馬区 開進第四小学校
0%
練馬区 北町小学校
0%
練馬区 北町西小学校
0%
府中市 | 東久留米市 | 練馬区 南町小学校
0%
練馬区 練馬東小学校
0%
練馬区 田柄小学校
0%
練馬区 向山小学校
0%
練馬区 豊溪小学校
0%
練馬区 旭町小学校
0%
練馬区 田柄第二小学校
0%
練馬区 上石神井北小学校
0%
練馬区 光和小学校
0%
練馬区 谷原小学校
0%
練馬区 立野小学校
0%
練馬区 関町小学校
0%
練馬区 関町北小学校
0%
練馬区 大泉第一小学校
0%
練馬区 大泉第二小学校
0%
練馬区 大泉第三小学校
0%
練馬区 大泉第四小学校
0%
練馬区 南田中小学校
0%
練馬区 泉新小学校
0%
練馬区 大泉第六小学校
0%
練馬区 南が丘小学校
0%
練馬区 早宮小学校
0%
練馬区 橋戸小学校
0%
練馬区 石神井台小学校
0%
練馬区 大泉学園緑小学校
0%
練馬区 大泉学園桜小学校
0%
練馬区 光が丘第八小学校
0%
練馬区 光が丘四季の香小学校
0%
練馬区 光が丘春の風小学校
0%
練馬区 光が丘夏の雲小学校
0%
練馬区 光が丘秋の陽小学校
0%
足立区 千寿第八小学校
0%
足立区 西新井第一小学校
0%
足立区 西新井第二小学校
0%
足立区 興本小学校
0%
足立区 本木小学校
0%
足立区 寺地小学校
0%
足立区 関原小学校
0%
足立区 江北小学校
0%
足立区 扇小学校
0%
足立区 鹿浜第一小学校
0%
足立区 宮城小学校
0%
足立区 梅島小学校
0%
足立区 梅島第一小学校
0%
足立区 梅島第二小学校
0%
足立区 島根小学校
0%
足立区 亀田小学校
0%
足立区 栗原小学校
0%
足立区 栗島小学校
0%
足立区 加平小学校
0%
足立区 東栗原小学校
0%
足立区 弘道小学校
0%
足立区 弘道第一小学校
0%
足立区 東加平小学校
0%
足立区 東渕江小学校
0%
足立区 北三谷小学校
0%
足立区 大谷田小学校
0%
足立区 長門小学校
0%
足立区 花畑小学校
0%
足立区 花畑第一小学校
0%
足立区 花畑西小学校
0%
足立区 渕江小学校
0%
足立区 渕江第一小学校
0%
足立区 保木間小学校
0%
足立区 竹の塚小学校
0%
足立区 伊興小学校
0%
足立区 東伊興小学校
0%
足立区 中川北小学校
0%
足立区 西伊興小学校
0%
足立区 花保小学校
0%
足立区 中島根小学校
0%
足立区 古千谷小学校
0%
葛飾区 | 足立区 東綾瀬小学校
0%
足立区 栗原北小学校
0%
足立区 平野小学校
0%
足立区 辰沼小学校
0%
足立区 六木小学校
0%
足立区 中川東小学校
0%
足立区 皿沼小学校
0%
足立区 舎人第一小学校
0%
足立区 千寿本町小学校
0%
足立区 千寿桜小学校
0%
足立区 桜花小学校
0%
足立区 西保木間小学校
0%
足立区 足立入谷小学校
0%
足立区 千寿常東小学校
0%
足立区 千寿双葉小学校
0%
足立区 鹿浜五色桜小学校
0%
足立区 鹿浜未来小学校
0%
葛飾区 本田小学校
0%
葛飾区 葛飾小学校
0%
葛飾区 南綾瀬小学校
0%
葛飾区 上千葉小学校
0%
葛飾区 堀切小学校
0%
葛飾区 奥戸小学校
0%
葛飾区 上平井小学校
0%
葛飾区 二上小学校
0%
葛飾区 亀青小学校
0%
葛飾区 道上小学校
0%
葛飾区 鎌倉小学校
0%
葛飾区 水元小学校
0%
葛飾区 半田小学校
0%
葛飾区 宝木塚小学校
0%
葛飾区 中之台小学校
0%
葛飾区 綾南小学校
0%
葛飾区 川端小学校
0%
葛飾区 白鳥小学校
0%
葛飾区 松上小学校
0%
葛飾区 西小菅小学校
0%
葛飾区 柴原小学校
0%
葛飾区 中青戸小学校
0%
葛飾区 南奥戸小学校
0%
葛飾区 原田小学校
0%
葛飾区 東柴又小学校
0%
葛飾区 飯塚小学校
0%
葛飾区 西亀有小学校
0%
葛飾区 花の木小学校
0%
葛飾区 上小松小学校
0%
葛飾区 幸田小学校
0%
葛飾区 細田小学校
0%
葛飾区 東金町小学校
0%
葛飾区 東水元小学校
0%
葛飾区 小松南小学校
0%
葛飾区 こすげ小学校
0%
葛飾区 東四つ木小学校
0%
江戸川区 小松川小学校
0%
江戸川区 小松川第二小学校
0%
江戸川区 平井西小学校
0%
江戸川区 平井東小学校
0%
江戸川区 平井南小学校
0%
江戸川区 松江小学校
0%
江戸川区 西一之江小学校
0%
江戸川区 第三松江小学校
0%
江戸川区 西小松川小学校
0%
江戸川区 大杉小学校
0%
江戸川区 大杉東小学校
0%
江戸川区 東小松川小学校
0%
江戸川区 二之江小学校
0%
江戸川区 第二葛西小学校
0%
江戸川区 第三葛西小学校
0%
江戸川区 第四葛西小学校
0%
江戸川区 第五葛西小学校
0%
江戸川区 春江小学校
0%
江戸川区 下鎌田小学校
0%
江戸川区 一之江第二小学校
0%
江戸川区 鹿本小学校
0%
江戸川区 本一色小学校
0%
江戸川区 篠崎第二小学校
0%
江戸川区 篠崎第三小学校
0%
江戸川区 東小岩小学校
0%
江戸川区 下小岩小学校
0%
江戸川区 上小岩小学校
0%
江戸川区 上小岩第二小学校
0%
江戸川区 西小岩小学校
0%
江戸川区 南小岩小学校
0%
江戸川区 南小岩第二小学校
0%
江戸川区 中小岩小学校
0%
江戸川区 北小岩小学校
0%
江戸川区 下鎌田東小学校
0%
江戸川区 上一色南小学校
0%
江戸川区 二之江第二小学校
0%
江戸川区 第六葛西小学校
0%
江戸川区 篠崎第四小学校
0%
江戸川区 大杉第二小学校
0%
江戸川区 鹿骨東小学校
0%
江戸川区 第七葛西小学校
0%
江戸川区 篠崎第五小学校
0%
江戸川区 南篠崎小学校
0%
江戸川区 新堀小学校
0%
江戸川区 南葛西第二小学校
0%
江戸川区 清新第一小学校
0%
江戸川区 宇喜田小学校
0%
江戸川区 南葛西第三小学校
0%
江戸川区 清新ふたば小学校
0%
江戸川区 鹿骨松本小学校
0%
八王子市 中野北小学校
0%
八王子市 大和田小学校
0%
八王子市 横山第一小学校
0%
八王子市 横山第二小学校
0%
八王子市 散田小学校
0%
八王子市 長房小学校
0%
八王子市 船田小学校
0%
八王子市 元八王子小学校
0%
八王子市 元八王子東小学校
0%
八王子市 上壱分方小学校
0%
八王子市 恩方第一小学校
0%
八王子市 恩方第二小学校
0%
八王子市 川口小学校
0%
八王子市 陶鎔小学校
0%
八王子市 上川口小学校
0%
八王子市 美山小学校
0%
八王子市 楢原小学校
0%
八王子市 加住小学校
0%
八王子市 由井第一小学校
0%
八王子市 由井第二小学校
0%
八王子市 由井第三小学校
0%
八王子市 由木中央小学校
0%
八王子市 由木東小学校
0%
八王子市 由木西小学校
0%
八王子市 清水小学校
0%
八王子市 山田小学校
0%
八王子市 片倉台小学校
0%
八王子市 鹿島小学校
0%
八王子市 東浅川小学校
0%
八王子市 椚田小学校
0%
八王子市 元木小学校
0%
八王子市 高嶺小学校
0%
八王子市 弐分方小学校
0%
八王子市 松枝小学校
0%
八王子市 中山小学校
0%
八王子市 高倉小学校
0%
八王子市 宇津木台小学校
0%
八王子市 宮上小学校
0%
八王子市 秋葉台小学校
0%
八王子市 別所小学校
0%
八王子市 愛宕小学校
0%
八王子市 松木小学校
0%
八王子市 下柚木小学校
0%
八王子市 上柚木小学校
0%
八王子市 みなみ野小学校
0%
八王子市 長池小学校
0%
八王子市 鑓水小学校
0%
八王子市 館小学校
0%
八王子市 高尾山学園小学部
0%
八王子市 みなみ野君田小学校
0%
八王子市 いずみの森義務教育学校
0%
立川市 西砂小学校
0%
立川市 幸小学校
0%
立川市 松中小学校
0%
立川市 大山小学校
0%
立川市 柏小学校
0%
立川市 上砂川小学校
0%
立川市 新生小学校
0%
府中市 | 日の出町 | 武蔵野市 本宿小学校
0%
武蔵野市 千川小学校
0%
武蔵野市 井之頭小学校
0%
武蔵野市 関前南小学校
0%
武蔵野市 桜野小学校
0%
三鷹市 大沢台小学校
0%
三鷹市 高山小学校
0%
三鷹市 井口小学校
0%
三鷹市 東台小学校
0%
青梅市 霞台小学校
0%
青梅市 友田小学校
0%
青梅市 今井小学校
0%
青梅市 若草小学校
0%
青梅市 藤橋小学校
0%
青梅市 吹上小学校
0%
青梅市 成木小学校
0%
府中市 府中第一小学校
0%
府中市 府中第二小学校
0%
府中市 府中第三小学校
0%
府中市 府中第四小学校
0%
府中市 府中第五小学校
0%
府中市 府中第六小学校
0%
府中市 府中第七小学校
0%
府中市 府中第八小学校
0%
府中市 府中第九小学校
0%
府中市 府中第十小学校
0%
府中市 矢崎小学校
0%
府中市 若松小学校
0%
府中市 小柳小学校
0%
府中市 南白糸台小学校
0%
府中市 日新小学校
0%
昭島市 成隣小学校
0%
昭島市 光華小学校
0%
昭島市 共成小学校
0%
昭島市 田中小学校
0%
昭島市 つつじが丘小学校
0%
調布市 八雲台小学校
0%
調布市 滝坂小学校
0%
調布市 深大寺小学校
0%
調布市 上ノ原小学校
0%
調布市 染地小学校
0%
調布市 北ノ台小学校
0%
調布市 杉森小学校
0%
調布市 柏野小学校
0%
調布市 布田小学校
0%
調布市 調和小学校
0%
町田市 相原小学校
0%
町田市 高ヶ坂小学校
0%
町田市 成瀬中央小学校
0%
町田市 大蔵小学校
0%
町田市 図師小学校
0%
小金井市 前原小学校
0%
小平市 学園東小学校
0%
小平市 上宿小学校
0%
日野市 潤徳小学校
0%
日野市 滝合小学校
0%
日野市 旭が丘小学校
0%
日野市 東光寺小学校
0%
日野市 仲田小学校
0%
日野市 夢が丘小学校
0%
日野市 七生緑小学校
0%
東村山市 化成小学校
0%
東村山市 回田小学校
0%
東村山市 大岱小学校
0%
東村山市 東萩山小学校
0%
東村山市 北山小学校
0%
東村山市 秋津東小学校
0%
東村山市 野火止小学校
0%
東村山市 久米川東小学校
0%
清瀬市 芝山小学校
0%
清瀬市 清明小学校
0%
東久留米市 神宝小学校
0%
武蔵村山市 雷塚小学校
0%
多摩市 連光寺小学校
0%
多摩市 北諏訪小学校
0%
多摩市 東寺方小学校
0%
多摩市 南鶴牧小学校
0%
多摩市 聖ヶ丘小学校
0%
多摩市 西落合小学校
0%
多摩市 大松台小学校
0%
多摩市 諏訪小学校
0%
多摩市 瓜生小学校
0%
多摩市 東落合小学校
0%
多摩市 貝取小学校
0%
多摩市 豊ケ丘小学校
0%
多摩市 愛和小学校
0%
稲城市 稲城第六小学校
0%
稲城市 稲城第七小学校
0%
稲城市 向陽台小学校
0%
稲城市 長峰小学校
0%
稲城市 平尾小学校
0%
羽村市 羽村東小学校
0%
羽村市 羽村西小学校
0%
羽村市 | 西東京市 栄小学校
0%
羽村市 松林小学校
0%
羽村市 小作台小学校
0%
あきる野市 東秋留小学校
0%
あきる野市 多西小学校
0%
あきる野市 西秋留小学校
0%
あきる野市 屋城小学校
0%
あきる野市 南秋留小学校
0%
あきる野市 草花小学校
0%
あきる野市 一の谷小学校
0%
あきる野市 前田小学校
0%
あきる野市 増戸小学校
0%
西東京市 向台小学校
0%
西東京市 柳沢小学校
0%
西東京市 上向台小学校
0%
奥多摩町 古里小学校
0%
奥多摩町 氷川小学校
0%
大島町 つばき小学校
0%
大島町 つつじ小学校
0%
新島村 式根島小学校
0%
八丈町 三根小学校
0%
八丈町 大賀郷小学校
0%
八丈町 三原小学校
0%
東京都 立川国際中等教育学校附属小学校
0%
No matching quizzes found
Score Distribution
Percent of People with Each Score
Percentile by Number Answered
Your Score History
You have not taken this quiz